|
|
|
|
| LEADER |
00796nam a2200277 4500 |
| 001 |
DLU120143633 |
| 005 |
##20121108 |
| 040 |
# |
# |
|a DLU
|b vie
|
| 041 |
# |
# |
|a vie
|
| 044 |
# |
# |
|a vn
|
| 100 |
# |
# |
|a Grabowski, Andrzej.
|
| 245 |
# |
# |
|a Bản trường ca dang dở /
|c Andrzej Grabowski, Lâm Quang Mỹ dịch.
|
| 653 |
# |
# |
|a Hình tượng văn học
|
| 653 |
# |
# |
|a Nội tâm
|
| 653 |
# |
# |
|a Nhân văn
|
| 700 |
# |
# |
|a Lâm Quang Mỹ,
|e Dịch.
|
| 773 |
# |
# |
|t Văn học nước ngoài
|g Số 7(103), 2011, tr. 88-91
|
| 920 |
# |
# |
|a Phòng Tạp chí -- Trung tâm Thông tin - Thư viện Trường Đại học Đà Lạt
|
| 994 |
# |
# |
|a DLU
|
| 900 |
# |
# |
|a True
|
| 911 |
# |
# |
|a Nguyễn Thị Linh Chi
|
| 925 |
# |
# |
|a G
|
| 926 |
# |
# |
|a A
|
| 927 |
# |
# |
|a BB
|
| 980 |
# |
# |
|a Thư viện Trường Đại học Đà Lạt
|